"Ostarbeiter" und Deutsche im Zweiten Weltkrieg : Prägungsfaktoren eines selektiven Deutschlandbildes

Bibliographische Detailangaben
1. Verfasser: Binner, Jens 1965- (VerfasserIn)
Format: Buch
Sprache:German
Veröffentlicht: München : Meidenbauer, 2008
Mit dem übergeordneten Werk verknüpfte Titel:Forum Deutsche Geschichte 18
Zugriff auf das übergeordnete Werk:Forum Deutsche Geschichte
Schlagworte:Forced labor World War, 1939-1945 Deutschland Zwangsarbeiter Russen Deutschlandbild Geschichte 1939-1945 Repatriierung Geschichte 1945-1952 Drittes Reich mehr... Zwangsarbeit Sowjetunion
Umfang:497 S.
LEADER 01000cam a2200265 c 4500
001 575192534
003 DE-627
005 20251223215812.0
007 tu
008 080827s2008 gw ||||| m 00| ||ger c
010 |a  2009379064 
015 |a 08,N36,1920  |2 dnb 
015 |a 09,H02,3786  |2 dnb 
016 7 |a 990050599  |2 DE-101 
020 |a 9783899756869  |q Pb. 
024 3 |a 9783899756869 
035 |a (DE-627)575192534 
035 |a (DE-576)28543974X 
035 |a (DE-599)DNB990050599 
035 |a (OCoLC)602562976 
040 |a DE-627  |b ger  |c DE-627  |e rakwb 
041 |a ger 
044 |c XA-DE-BY 
050 0 |a HD4875.G4 
082 0 |a 947.0842 
082 0 4 |a 940 
084 |a 8  |2 ssgn 
084 |a NQ 2795  |2 rvk  |0 (DE-625)rvk/128318: 
084 |a 15.24  |2 bkl 
090 |a a 
100 1 |a Binner, Jens  |d 1965-  |e verfasserin  |0 (DE-588)128795727  |0 (DE-627)538258861  |0 (DE-576)187831750  |4 aut 
245 1 0 |a "Ostarbeiter" und Deutsche im Zweiten Weltkrieg  |b Prägungsfaktoren eines selektiven Deutschlandbildes  |c Jens Binner 
246 3 3 |a "Bis jetzt träume ich von Deutschland" : das Bild von Deutschland und den Deutschen in Berichten ehemaliger "Ostarbeiter" unter Einbeziehung lebensgeschichtlicher Einflussfaktoren 
264 1 |a München  |b Meidenbauer  |c 2008 
300 |a 497 S.  |c 210 mm x 147 mm 
336 |a Text  |b txt  |2 rdacontent 
337 |a ohne Hilfsmittel zu benutzen  |b n  |2 rdamedia 
338 |a Band  |b nc  |2 rdacarrier 
490 1 |a Forum Deutsche Geschichte  |v 18 
502 |a Zugl.: Hannover, Univ., Diss., 2007 u.d.T.: Binner, Jens: "Bis jetzt träume ich von Deutschland": das Bild von Deutschland und den Deutschen in Berichten ehemaliger "Ostarbeiter" unter Einbeziehung lebensgeschichtlicher Einflussfaktoren 
583 1 |a Archivierung/Langzeitarchivierung gewährleistet  |f SLG  |x XA-DE-BW  |z BfZ  |2 pdager  |5 DE-24 
583 1 |a Archivierung prüfen  |c 20240324  |f DE-4165  |z 2  |2 pdager 
650 0 |a Forced labor  |z Germany  |x History  |y 20th century  |v Sources 
650 0 |a World War, 1939-1945  |x Prisoners and prisons, German  |v Sources 
650 0 |a World War, 1939-1945  |x Conscript labor  |z Germany  |v Sources 
655 7 |a Hochschulschrift  |0 (DE-588)4113937-9  |0 (DE-627)105825778  |0 (DE-576)209480580  |2 gnd-content 
689 0 0 |D g  |0 (DE-588)4011882-4  |0 (DE-627)104704861  |0 (DE-576)208896155  |a Deutschland  |2 gnd 
689 0 1 |D s  |0 (DE-588)4121950-8  |0 (DE-627)105765899  |0 (DE-576)209547499  |a Zwangsarbeiter  |2 gnd 
689 0 2 |D s  |0 (DE-588)4051034-7  |0 (DE-627)10425324X  |0 (DE-576)209090952  |a Russen  |2 gnd 
689 0 3 |D s  |0 (DE-588)4011893-9  |0 (DE-627)104297956  |0 (DE-576)208896244  |a Deutschlandbild  |2 gnd 
689 0 4 |A z  |2 gnd  |a Geschichte 1939-1945 
689 0 |5 DE-101 
689 1 0 |D g  |0 (DE-588)4011882-4  |0 (DE-627)104704861  |0 (DE-576)208896155  |a Deutschland  |2 gnd 
689 1 1 |D s  |0 (DE-588)4121950-8  |0 (DE-627)105765899  |0 (DE-576)209547499  |a Zwangsarbeiter  |2 gnd 
689 1 2 |D s  |0 (DE-588)4051034-7  |0 (DE-627)10425324X  |0 (DE-576)209090952  |a Russen  |2 gnd 
689 1 3 |D s  |0 (DE-588)4177807-8  |0 (DE-627)104648546  |0 (DE-576)209980273  |a Repatriierung  |2 gnd 
689 1 4 |A z  |2 gnd  |a Geschichte 1945-1952 
689 1 |5 DE-101 
689 2 0 |D s  |0 (DE-588)4013021-6  |0 (DE-627)104682922  |0 (DE-576)208901639  |a Drittes Reich  |2 gnd 
689 2 1 |D s  |0 (DE-588)4139439-2  |0 (DE-627)104696451  |0 (DE-576)209694378  |a Zwangsarbeit  |2 gnd 
689 2 2 |D g  |0 (DE-588)4077548-3  |0 (DE-627)104152052  |0 (DE-576)20920558X  |a Sowjetunion  |2 gnd 
689 2 |5 (DE-627) 
751 |a Hannover  |0 (DE-588)4023349-2  |0 (DE-627)106304356  |0 (DE-576)208948686  |4 uvp 
830 0 |a Forum Deutsche Geschichte  |v 18  |9 18  |w (DE-627)374447209  |w (DE-576)109565436  |w (DE-600)2128633-4  |7 am 
856 4 2 |u http://deposit.dnb.de/cgi-bin/dokserv?id=3147360&prov=M&dok_var=1&dok_ext=htm  |m X: MVB  |q text/html  |v 20130501  |x Verlag  |3 Inhaltstext  |7 1 
856 4 2 |u http://bvbr.bib-bvb.de:8991/F?func=service&doc_library=BVB01&doc_number=016958781&line_number=0001&func_code=DB_RECORDS&service_type=MEDIA  |m V:DE-604  |q application/pdf  |3 Inhaltsverzeichnis  |7 1 
912 |a GBV_ILN_11 
912 |a ISIL_DE-1a 
912 |a SYSFLAG_1 
912 |a GBV_KXP 
912 |a GBV_ILN_21 
912 |a ISIL_DE-46 
912 |a GBV_ILN_22 
912 |a ISIL_DE-18 
912 |a GBV_ILN_22_i31308 
912 |a GBV_ILN_24 
912 |a ISIL_DE-8 
912 |a GBV_ILN_31 
912 |a ISIL_DE-27 
912 |a GBV_ILN_65 
912 |a ISIL_DE-3 
912 |a GBV_ILN_65_a018 
912 |a GBV_ILN_70 
912 |a ISIL_DE-89 
912 |a GBV_ILN_121 
912 |a ISIL_DE-45 
912 |a GBV_ILN_350 
912 |a ISIL_DE-2795 
912 |a GBV_ILN_350_ 
912 |a GBV_ILN_606 
912 |a ISIL_DE-B1549 
912 |a GBV_ILN_1022 
912 |a ISIL_DE-2925 
912 |a GBV_ILN_2001 
912 |a ISIL_DE-21 
912 |a GBV_ILN_2002 
912 |a ISIL_DE-21-106 
912 |a GBV_ILN_2003 
912 |a ISIL_DE-25 
912 |a GBV_ILN_2006 
912 |a ISIL_DE-14 
912 |a GBV_ILN_2008 
912 |a ISIL_DE-24 
912 |a GBV_ILN_2009 
912 |a ISIL_DE-180 
912 |a GBV_ILN_2011 
912 |a ISIL_DE-16 
912 |a GBV_ILN_2018 
912 |a ISIL_DE-31 
912 |a GBV_ILN_2156 
912 |a ISIL_DE-D264 
912 |a GBV_ILN_2570 
912 |a ISIL_DE-364 
935 |i sf 
935 |i Blocktest 
936 r v |a NQ 2795  |b Sonstiges (z.B. Kriegsgefangenschaft)  |k Geschichte  |k Geschichte seit 1918  |k Geschichte des Zweiten Weltkrieges  |k Sonderprobleme  |k Sonstiges (z.B. Kriegsgefangenschaft)  |0 (DE-627)1271471272  |0 (DE-625)rvk/128318:  |0 (DE-576)201471272 
936 b k |a 15.24  |j Zweiter Weltkrieg  |0 (DE-627)181571013 
951 |a BO 
953 |2 045F  |a 947.0842  |u https://www.gbv.de/dms/ddc/947.0842.pdf 
980 |2 11  |1 00  |x DE-1a  |y UFa-su 
980 |2 11  |1 01  |x 0001  |b 899695272  |c 00  |f 2  |d 1 A 705933  |e u  |j --%%--  |y k  |z 21-04-09 
980 |2 21  |1 01  |x 0046  |b 938560913  |c 00  |f E03  |d a hit 276 deu/068  |e u  |j --%%--  |y zza  |z 21-08-09 
980 |2 22  |1 01  |x 0018  |b 920142923  |c 00  |f SUB-SB  |d A 2009/4538  |e u  |j --%%--  |y zu  |z 25-03-09 
980 |2 22  |1 02  |x 0018  |b 1612393543  |c 00  |f 18/313  |d A 20/141  |e g  |j --%%--  |g Bestand: Bb 2009/336  |y ni31308  |z 18-04-16 
980 |2 24  |1 01  |x 0008  |b 923739874  |c 00  |f 10 gsf 959  |d Bj 3418  |e u  |j --%%--  |h hb  |y zz1  |z 04-03-09 
980 |2 31  |1 01  |x 0027  |b 910749930  |c 00  |f J 23  |d HIS:ST:390:::2008  |e d  |j --%%--  |y z  |z 01-12-08 
980 |2 65  |1 01  |x 3/18  |b 1188122827  |c 00  |f Ha 18-18  |d G VII M 10  |e u  |j --%%--  |y ka018  |z 01-11-10 
980 |2 70  |1 01  |x 0089  |b 941125149  |c 00  |f --%%--  |d RS 6407(18)  |e i  |j --%%--  |y z  |z 15-07-09 
980 |2 70  |1 02  |x 0089  |b 941125157  |c 00  |f --%%--  |d RS 6407(18) a  |e u  |j --%%--  |y z  |z 15-07-09 
980 |2 70  |1 80  |x 89/19  |b 94206304X  |c 00  |f FBSBB  |d Hist 9717/2045  |e u  |j --%%--  |y ksg  |z 11-08-09 
980 |2 121  |1 01  |x 0045  |b 1109101988  |c 00  |f --%%--  |d 10-0760  |e u  |j --%%--  |h alma  |y z  |z 13-01-10 
980 |2 350  |1 01  |x 8293  |b 929018931  |c 00  |f LESESAAL  |d Cge 858  |e i  |j --%%--  |y z  |z 09-04-09 
980 |2 606  |1 01  |x 4606  |b 933742495  |c 00  |f Schöneweide  |d Rk X Sow Bin  |e i  |j --%%--  |y zs  |z 07-05-09 
980 |2 606  |1 02  |x 4606  |b 1213602572  |c 00  |f T  |d Qe V Bin  |e i  |j --%%--  |h b qe v  |y zt  |z 22-12-10 
980 |2 1022  |1 01  |x 4022  |b 4758712190  |c 00  |f --%%--  |d 5962  |e i  |j --%%--  |y z  |z 18-08-25 
980 |2 1022  |1 02  |x 4022  |b 4758712204  |c 00  |f --%%--  |d 7856  |e i  |j --%%--  |y z  |z 18-08-25 
980 |2 2001  |1 01  |x DE-21  |b 3188756577  |c 00  |f --%%--  |d 50 A 10392  |e --%%--  |j --%%--  |y l01  |z 02-11-10 
980 |2 2002  |1 01  |x DE-21-106  |b 3188756674  |c 00  |f --%%--  |d L VI BinJ  |e p  |j --%%--  |y l01  |z 02-08-10 
980 |2 2003  |1 01  |x DE-25  |b 3188756763  |c 00  |f --%%--  |d GE 2008/9857  |e --%%--  |j --%%--  |y l01  |z 21-10-08 
980 |2 2006  |1 01  |x DE-14  |b 3188756895  |c 00  |f --%%--  |d --%%--  |e --%%--  |j --%%--  |y l01  |z 12-09-08 
980 |2 2008  |1 01  |x DE-24  |b 3188756976  |c 00  |f --%%--  |d 58/20078  |e --%%--  |j --%%--  |c 01  |f Freihand  |d NQ 2795 58/20078  |e --%%--  |j --%%--  |y l01  |z 11-12-08 
980 |2 2009  |1 01  |x DE-180  |b 3188757042  |c 00  |f WEST_UG  |d 2009 A 0551  |e --%%--  |j l  |y l01  |z 25-03-16 
980 |2 2011  |1 01  |x DE-16  |b 3188757158  |c 00  |f --%%--  |d 2009 A 456  |e --%%--  |j --%%--  |y l01  |z 22-01-09 
980 |2 2018  |1 01  |x DE-31  |b 3188757220  |c 00  |f --%%--  |d 109 A 5263  |e --%%--  |j --%%--  |y l01  |z 21-04-09 
980 |2 2156  |1 01  |x DE-D264  |b 318875728X  |c 00  |f --%%--  |d 2009 0004 01  |e p  |j --%%--  |y l01  |z 18-12-08 
980 |2 2570  |1 01  |x DE-364  |b 481924342X  |c 00  |f --%%--  |d 2009.5297  |e --%%--  |j --%%--  |y l01  |z 02-12-25 
982 |2 22  |1 02  |x 0018  |8 01  |a Deutschland 
982 |2 22  |1 02  |x 0018  |8 02  |a Zwangsarbeiter 
982 |2 22  |1 02  |x 0018  |8 03  |a Russen 
982 |2 22  |1 02  |x 0018  |8 04  |a Deutschlandbild 
982 |2 22  |1 02  |x 0018  |8 05  |a Repatriierung 
982 |2 22  |1 02  |x 0018  |8 06  |a Geschichte 1939-1952 
982 |2 2002  |1 01  |x DE-21-106  |8 00  |s s  |a Zwangsarbeiter 
982 |2 2002  |1 01  |x DE-21-106  |8 01  |s s  |a Zweiter Weltkrieg 
982 |2 2002  |1 01  |x DE-21-106  |8 02  |s s  |a Nationalsozialismus 
982 |2 2002  |1 01  |x DE-21-106  |8 03  |s s  |a Kriegswirtschaft 
982 |2 2002  |1 01  |x DE-21-106  |8 04  |s s  |a Deutschlandbild 
982 |2 2002  |1 01  |x DE-21-106  |8 05  |s s  |a Kriegsgefangene 
982 |2 2002  |1 01  |x DE-21-106  |8 06  |s s  |a Berichte 
982 |2 2002  |1 01  |x DE-21-106  |8 07  |s s  |a Autobiographie 
982 |2 2002  |1 01  |x DE-21-106  |8 08  |s s  |a Interviews 
982 |2 2002  |1 01  |x DE-21-106  |8 09  |s s  |a Stalinismus 
982 |2 2002  |1 01  |x DE-21-106  |8 10  |s s  |a Repatriierung 
983 |2 21  |1 00  |x DE-46  |8 30  |a hit 276 deu 
983 |2 21  |1 00  |x DE-46  |8 99  |a 24 
983 |2 24  |1 01  |x 0008  |8 50  |0 (DE-627)057950326  |a gsf 959.10  |b Zwangsarbeiter  |b Deutschland  |b Geschichte 1933-1945 
983 |2 24  |1 01  |x 0008  |8 70  |0 (DE-627)514771917  |a gsf 959  |b Zwangsarbeit  |b Zwangsarbeiter  |b Geschichte 1933-1945 
983 |2 2156  |1 01  |x DE-D264  |8 00  |a NQ 2350 
984 |2 11  |1 01  |x 0001  |a 151301650010 
984 |2 21  |1 01  |x 0046  |a 46$0001294164 
984 |2 22  |1 01  |x 0018  |a 939430486 
984 |2 24  |1 01  |x 0008  |a 8$0010781323 
984 |2 31  |1 01  |x 0027  |a 27$022825886 
984 |2 65  |1 01  |x 3/18  |a 3/18$001337092 
984 |2 70  |1 01  |x 0089  |a 89$132925125 
984 |2 70  |1 02  |x 0089  |a 89$132925133 
984 |2 70  |1 80  |x 89/19  |a 89$131703862 
984 |2 121  |1 01  |x 0045  |a 45$18873217 
984 |2 350  |1 01  |x 8293  |a 9783899756869 
984 |2 2011  |1 01  |x DE-16  |a 102857958 
984 |2 2018  |1 01  |x DE-31  |a 49970577031 
985 |2 21  |1 01  |x 0046  |a xl 6276 
985 |2 22  |1 02  |x 0018  |a Bb 2009/336 
985 |2 31  |1 01  |x 0027  |a U 141804 
985 |2 65  |1 01  |x 3/18  |a 18G/2010/02115 
985 |2 70  |1 80  |x 89/19  |a BBG 2009-0926 
985 |2 350  |1 01  |x 8293  |a 2009/0746 
985 |2 606  |1 01  |x 4606  |a s08/0061 
985 |2 606  |1 02  |x 4606  |a 10/00961 
985 |2 2002  |1 01  |x DE-21-106  |a 35/2009 
985 |2 2570  |1 01  |x DE-364  |a 2009.05297 
995 |2 24  |1 01  |x 0008  |a hb 
995 |2 121  |1 01  |x 0045  |a alma 
995 |2 606  |1 02  |x 4606  |a b qe v 
998 |2 31  |1 01  |x 0027  |a HIS 200812 
998 |2 2001  |1 01  |x DE-21  |0 1011  |f 25